00880nam a22001817a 450000500170000000800410001702000150005805000260007324501230009925000120022226000980023430000280033250400400036060000810040065100790048165100910056070000470065120190118123724.0121218t mx ||||| |||| 00| 0 spa d a968737606604aF1306.9.S54bP84 199400aPueblo en vilo, la fuerza de la costumbre :bhomenaje a Luis González y González /ceditor Álvaro Ochoa Serrano. a1a. ed. aMéxico :bEl Colegio de Jalisco : El Colegio de México : El Colegio de Michoacán,c1994 a254 p. :bil. ;c20 cm. aBibliografía: p. 69-74 e índice172lembaGonzález y González, Luis,d[1925-2003],tPueblo en vilovHomenaje 72lembaSan José de Gracia (Michoacán de Ocampo)zMéxicoxMonografía 72lembaSan José de Gracia (Michoacán de Ocampo)zMéxicoxVida social y costumbres1 aOchoa Serrano, Álvaro,d[1948- ],eed.